Estudio de prefactibilidad técnico y económico para la obtención de quitina grado técnico a partir de cáscaras de camarón

محفوظ في:
التفاصيل البيبلوغرافية
المؤلف الرئيسي: Alvarado Aguilar, Patricia
التنسيق: كتاب
منشور في: San José, Costa Rica 2006
الموضوعات:
الوسوم: إضافة وسم
لا توجد وسوم, كن أول من يضع وسما على هذه التسجيلة!

MARC

LEADER 00000nam a2200000Ia 4500
003 009881
005 20221231144110.0
008 140114s2006 cr a 000 ||s d
040 |c cru CEDI 
090 |a TFG 5408 
100 |a Alvarado Aguilar, Patricia  |9 4960 
245 |a Estudio de prefactibilidad técnico y económico para la obtención de quitina grado técnico a partir de cáscaras de camarón  
260 |c 2006  |b San José, Costa Rica 
300 |a viii, 38, [19] hojas; ilustraciones 
500 |a Proyecto de graduación (magíster en ingeniería química con énfasis en procesos industriales)--Universidad de Costa Rica. Sistema de Estudios de Posgrado 
650 |x CAMARONES  |x  RESIDUOS   |x  APROVECHAMIENTO DE RESIDUOS  |x QUITINA   |x  INVESTIGACIONES   |9 4961 
942 |c TFG 
999 |c 16867  |d 16867